Blízko do vzdialeného cieľa : V Starej Ľubovni je saparovaný zber odpadu takmer hotovou vecou

Podrobná bibliografia
Hlavní autori: Mlynarčíková, Dagmar (Author), Jaržembovský, Valent (Author)
Médium: Článok
Jazyk:Slovak
Témy:
Zdroj: 1. Slovenská republika 1. Roč. 5, č. 211(1997), dát. 0913, s. 4
LEADER 00900nab#a2200301#ar4500
001 000017049
003 SVKKK
005 00000000000000.0
008 c xo e sloo
FMT
038 |a SVKKK 
040 |a SVKKK  |b slo  |e AACR2 
041 0 |a slo 
044 |a xo  |c SK 
080 |a 628.  |2 1981 
100 1 |a Mlynarčíková, Dagmar  |4 aut 
245 1 0 |a Blízko do vzdialeného cieľa :  |b V Starej Ľubovni je saparovaný zber odpadu takmer hotovou vecou  |c Mlynarčíková Dagmar, , Jaržembovský Valent 
300 |b Fotogr. 1 
650 0 4 |a odpad domový  |x zber separovaný  |z Stará Ľubovňa  |x skúsenosti  |x rozhovory 
700 1 |a Jaržembovský, Valent  |4 aut 
773 0 |t Slovenská republika  |g Roč. 5, č. 211(1997), dát. 0913, s. 4 
957 |a Stará Ľubovňa 
958 |a SL 
974 |d 980223  |a Čr 
992 |a RBX 
BAS
852 |a SVKKK  |b BIB 
998 |a REG